উপমহাদেশের আইন ও শাসনের ইতিহাস, প্রথম খণ্ড : প্রাচীন কাল থেকে সুলতানী আমল / (Record no. 27792)

MARC details
000 -LEADER
fixed length control field 00891nam a22001817a 4500
003 - CONTROL NUMBER IDENTIFIER
control field BDDh-ASL
005 - DATE AND TIME OF LATEST TRANSACTION
control field 20231015030808.0
008 - FIXED-LENGTH DATA ELEMENTS--GENERAL INFORMATION
fixed length control field 211110s2006 b ||||| |||| 00| 0 b d
040 ## - CATALOGING SOURCE
Original cataloging agency BDDh-ASL
Transcribing agency BDDh-ASL
082 ## - DEWEY DECIMAL CLASSIFICATION NUMBER
Classification number 954
Item number MAU
100 1# - MAIN ENTRY--PERSONAL NAME
9 (RLIN) 4443
Personal name মামুন, আবদুস সালাম
245 10 - TITLE STATEMENT
Title উপমহাদেশের আইন ও শাসনের ইতিহাস, প্রথম খণ্ড : প্রাচীন কাল থেকে সুলতানী আমল /
246 ## - VARYING FORM OF TITLE
Title proper/short title History of Law and Administration in the Indian Sub-Continent by Abdus Salam Mamun.
260 ## - PUBLICATION, DISTRIBUTION, ETC.
Place of publication, distribution, etc. ঢাকা :
Name of publisher, distributor, etc. অ্যাডর্ন পাবলিকেশন,
Date of publication, distribution, etc. 2006.
300 ## - PHYSICAL DESCRIPTION
Extent 416 p. :
Dimensions 22 cm.
650 #0 - SUBJECT ADDED ENTRY--TOPICAL TERM
9 (RLIN) 5945
Topical term or geographic name entry element আইনের ইতিহাস (History of Law), Governance History, শাসনের ইতিহাস
942 ## - ADDED ENTRY ELEMENTS (KOHA)
Source of classification or shelving scheme Dewey Decimal Classification
Koha item type Books
Holdings
Withdrawn status Lost status Source of classification or shelving scheme Damaged status Not for loan Collection code Home library Current library Shelving location Date acquired Source of acquisition Total Checkouts Full call number Barcode Date last seen Copy number Price effective from Koha item type
    Dewey Decimal Classification     Non-fiction Asiatic Society Library Asiatic Society Library General Stacks 11/10/2021 Complimentary   954 MAU 113993 11/10/2021 C-1 11/10/2021 Books

Powered by Koha